MARC

LEADER 00000nam a2200000 a 4500
001 24921
003 AGDB
005 20260324181544.0
008 260114b spa||||| |||| 00| 0 cat d
040 |a agdb  |b cat 
041 |a cat 
110 |a Sala Parés  |9 72861  |e institució d'acollida 
245 |a Darrera venda/subhasta d'antiguitats a la Sala Parés 
260 |a Barcelona :  |b Sala Parés,  |c 1927 
300 |a full plegat ;  |c 30 x 22 cm 
500 |a Prové del fons Joan Junyer i Pascual (1909-1994) 
500 |a Catàleg de pintures i objectes de la subhasta celebrada a la Sala Parés, Barcelona, el 9 i 10 de juny de 1927. Les obres es van exposar els dies previs (5, 6, 7 i 8 de juny de 1927) 
650 |a Fons Joan Junyer i Pascual (1909-1994)  |9 72777 
650 0 |a Subhastes d'art  |2 Arxiu  |9 41643 
650 0 |a Art  |x Exposicions  |x Catàlegs   |2 Arxiu  |9 47687 
942 |2 udc  |c ARXIU  |n 1 
952 |0 0  |1 0  |2 udc  |4 0  |6 F504350  |7 1  |9 98945  |a Arxiu  |b Arxiu  |d 2026-01-14  |l 0  |o F-504-350  |p 24921  |r 2026-01-14 13:49:30  |w 2026-01-14  |y ARXIU 
999 |c 130613  |d 130613